| 000 | 00459nam a2200097Ia 4500 | ||
|---|---|---|---|
| 008 | 220216s9999 xx 000 0 und d | ||
| 100 | _aMajumdar Arunabha | ||
| 245 | 0 | _aRubber block plantation for Jhumias in Tripura: A case study on demographic, social and economic variations at Laxmandhiepa blaock planting unit | |
| 260 |
_bIn: Towards Inclusive Rubber Development (Ed. C. Kuruvilla Jacob). The Rubber Board, Kottayam, India, pp. 216-224. _c2009 |
||
| 942 | _cJS | ||
| 999 |
_c67478 _d67478 |
||